Т. 1 : Прочность материалов и элементов конструкций при статическом нагружении; Избранные труды

التفاصيل البيبلوغرافية
Parent link:Избранные труды: в 3 т./ С. В. Серенсен; Академия наук Украинской ССР (АН УССР), Институт проблем прочности (ИПП). Т. 1 : Прочность материалов и элементов конструкций при статическом нагружении.— , 1985
اللغة:الروسية
منشور في: 1985
الموضوعات:
التنسيق: كتاب
KOHA link:https://koha.lib.tpu.ru/cgi-bin/koha/opac-detail.pl?biblionumber=288928

MARC

LEADER 00000nam2a2200000 4500
001 288928
005 20231102000134.0
020 |a RU  |b 85-85002 
035 |a (RuTPU)RU\TPU\book\313433 
090 |a 288928 
100 |a 20150330d1985 k y0rusy5003 ca 
101 0 |a rus 
102 |a UA 
105 |a ac z 001zy 
200 0 |a Т. 1 : Прочность материалов и элементов конструкций при статическом нагружении 
210 |d 1985 
215 |a 264 с.  |c ил., портр. 
320 |a Библиогр. в конце ст. 
461 1 |0 (RuTPU)RU\TPU\book\286849  |t Избранные труды  |o в 3 т.  |f С. В. Серенсен  |g Академия наук Украинской ССР (АН УССР), Институт проблем прочности (ИПП)  |v Т. 1 : Прочность материалов и элементов конструкций при статическом нагружении  |d 1985 
606 1 |a Металлы  |x Усталостная прочность  |2 stltpush  |3 (RuTPU)RU\TPU\subj\43224  |9 62774 
610 1 |a конструкции 
610 1 |a элементы 
610 1 |a статическое нагружение 
610 1 |a напряженно-деформированное состояние 
610 1 |a коленчатые валы 
610 1 |a механические испытания 
610 1 |a композитные материалы 
675 |a 669:539.3  |z rus  |v 4 
801 0 |a RU  |b RuMRKP  |c 19950704  |g psbo 
801 1 |a RU  |b 63413507  |c 20150330 
801 2 |a RU  |b 63413507  |c 20220512  |g RCR 
942 |c BK